000 00523nam a22001817a 4500
003 NUST - PNEC
005 20170116180824.0
008 150624b xxu||||| |||| 00| 0 eng d
020 _a-
040 _cLIBRARY
082 _a512 AYR
100 _94258
_aAyres, Frank
245 _aSchaum's outline of theory and problems of modern algebra
_cFrank Ayres, JR., Ph.D.
260 _aNew York:
_bSchaum's Outline series,
_cc1965.
300 _a245 p. :
_c27 cm.
650 _94256
_aAlgebra, Mathematics
_xME
942 _2ddc
_cBK
999 _c63821
_d63821